Statistiche per Riconosci la Squadra di calcio - Quiz n°346

Clicka qui per fare il quiz!

Statistiche generali

  • Questo quiz è stato fatto 2 volte
  • Il punteggio medio è 4 su 10

Statistiche sulle risposte

IndizioRisposta% Corretto
Titoli nazionali3 Campionati inglesi di seconda divisione
100%
Colori socialiBianco, nero, rosso
100%
SimboliTasso
100%
Divisione nazionale 2023-2024Prima
50%
ConfederazioneUEFA
50%
Trofei nazionali0
0%
Fondazione1879
0%
Trofei internazionali1 Coppa Intertoto UEFA
0%
Capienza Stadio26 000 posti
0%
SquadraFulham
0%

Distribuzione punteggi

Percentile per numero di risposta

Percentuale di utenti per punteggio

I tuoi punteggi nel tempo

Non hai fatto questo quiz